• 首页
  • 本馆介绍
  • 公告通知
  • 最新文献
  • 馆藏检索
  • 电子资源
  • 读者导购
  • 参考咨询
  • 我的图书馆
  • 登录
  • 详细信息显示
  • 放入我的书架
  • 预约/预借图书
  • 作者相关作品
  • 分类相关作品
  • 丛书相关作品
  • 出版社相关作品

书目信息

  • 表格格式
  • 工作单格式
  • 卡片格式
题名:
富爸爸为什么富人越来越富
    
 
作者: 清崎 , 惠尔赖特 著 ;朱钦芦 译
分册:  
出版信息: 成都   四川人民出版社  2017
页数: 336页
开本: 22cm
丛书名:
单 册:
中图分类: F830.59-49
科图分类:
主题词: 私人投资--通俗读物
电子资源:
ISBN: 978-7-220-10434-3
000 01113nam0 2200277 45
001 012001005530
005 20080820082712.0
010    @a978-7-220-10434-3@dCNY49.80
100    @a20171222d2017 em y0chiy50 ea
101 1  @achi@ceng
102    @aCN@b510000
105    @aa z 000yy
106    @ar
200 1  @a富爸爸为什么富人越来越富@9fu ba ba wei shen me fu ren yue lai yue fu@f(美)罗伯特·清崎,(美)汤姆·惠尔赖特著@g朱钦芦译
210    @a成都@c四川人民出版社@d2017
215    @a336页@c图@d22cm
300    @a并列题名:Why the rich are getting richer
330    @a本书将告诉你什么才是信息时代真正的财商教育,它将抽丝剥茧式地为你揭开富人越来越富的神秘面纱,以及富人那不为人知的隐性收入——幻象现金流,为你实现财富自由提供一个清晰可循的路径。
510 1  @aWhy the rich are getting richer@zeng
606 0  @a私人投资@j通俗读物
690    @aF830.59-49@v5
701  0 @c(美)@a清崎@9qing qi@c(Kiyosaki, Robert T.)@4著
701  0 @c(美)@a惠尔赖特@9hui er lai te@c(Wheelwright, Tom)@4著
702  0 @a朱钦芦@9zhu qin lu@4译
801  0 @aCN@b上海新华@c20181010
905    @b1174263-7@dF830.59-49@e463@f5
    
    富爸爸为什么富人越来越富/(美)罗伯特·清崎,(美)汤姆·惠尔赖特著/朱钦芦译.-成都:四川人民出版社,2017
    336页:图;22cm
    并列题名:Why the rich are getting richer
    
    ISBN 978-7-220-10434-3:CNY49.80
    本书将告诉你什么才是信息时代真正的财商教育,它将抽丝剥茧式地为你揭开富人越来越富的神秘面纱,以及富人那不为人知的隐性收入——幻象现金流,为你实现财富自由提供一个清晰可循的路径。
●
相关链接 在E读中查询图书 在五车中查询图书 在当当中查询图书 在豆瓣中查询图书


正题名:富爸爸为什么富人越来越富     索取号:F830.59-49/463         预约/预借

序号 登录号 条形码 馆藏地/架位号 状态 备注
1 1174263   211742630   第一样本阅览室/ [索取号:F830.59-49/463] 在馆    
2 1174264   211742649   密集书库-海洋学院/ [索取号:F830.59-49/463] 在馆    
3 1174265   211742658   第一借阅区/ [索取号:F830.59-49/463] 在馆    
4 1174266   211742667   第一借阅区/ [索取号:F830.59-49/463] 已借出,限还日期为2025.06.09
借出人:张瑞金  
 
5 1174267   211742676   第一借阅区/ [索取号:F830.59-49/463] 在馆    
唐山师范学院图书馆 欢迎您!
大连网信软件有限公司© 版权所有